000 00652nam a2200229Ia 4500
003 BUBTL
008 151213s9999 xx 000 0 und d
020 _a8120324307
082 _a621.3815/ B2926/ 2004
110 _94300
_aNIIT
245 _aBasics of Electronic Devices /
_cNIIT
250 _a1st Edn.
260 _aNew Delhi:
_bPrentice-Hall of India Private Limited,
_cc2004.
300 _avii, 432 p.:
_bill.,tables,;
_c24 cm.
505 _aElectronic Devices, NIIT
650 0 _aElectrical and Electronic Engineering
_94295
650 _ascience
700 _aNIIT
_94301
856 _k0
_l0
_yDownload
942 _2ddc
_cBK
999 _c4513
_d4513